Flow Visualization. Techniques and Examples

書誌詳細
その他の著者: Smits A. J. (редактор), Lim T. T.
要約:In this second edition of the best-selling book, many of the chapters have been revised and updated to take into account recent changes in flow visualization and measurement techniques, including an updated high quality flow gallery in full color. Unique among similar publications, this book focuses on the practical rather than theoretical aspects. Obtaining high quality flow visualization results is, in many ways, more of an art than a science, and experience plays a key deciding role. The depth and breadth of the material will make this book invaluable to readers of all levels of experience in the field.
言語:英語
出版事項: London, Imperial College Press, 2012
版:second ed.
主題:
フォーマット: 図書
KOHA link:https://koha.lib.tpu.ru/cgi-bin/koha/opac-detail.pl?biblionumber=234538

MARC

LEADER 00000nam0a2200000 4500
001 234538
005 20231101231330.0
010 |a 9781848167919 
035 |a (RuTPU)RU\TPU\book\255662 
090 |a 234538 
100 |a 20130326d2012 k y0engy50 ca 
101 0 |a eng 
102 |a GB 
105 |a a z 001zy 
200 1 |a Flow Visualization. Techniques and Examples  |f editors A. J. Smits ; T. T. Lim 
205 |a second ed. 
210 |a London  |c Imperial College Press  |d 2012 
215 |a 427 p.  |c il. 
320 |a References at the end of chapters. 
320 |a Index: p. 423-427. 
330 |a In this second edition of the best-selling book, many of the chapters have been revised and updated to take into account recent changes in flow visualization and measurement techniques, including an updated high quality flow gallery in full color. Unique among similar publications, this book focuses on the practical rather than theoretical aspects. Obtaining high quality flow visualization results is, in many ways, more of an art than a science, and experience plays a key deciding role. The depth and breadth of the material will make this book invaluable to readers of all levels of experience in the field. 
606 1 |a Потоки, теория  |2 stltpush  |3 (RuTPU)RU\TPU\subj\50978  |9 69592 
610 1 |a инженерная механика 
610 1 |a течения 
610 1 |a визуализация 
610 1 |a ламинарные потоки 
610 1 |a турбулентные потоки 
610 1 |a турбины Френсиса 
610 1 |a невидимые потоки 
610 1 |a воздушные потоки 
610 1 |a водные потоки 
610 1 |a поток жидкости 
610 1 |a методы 
610 1 |a примеры 
610 1 |a физика 
675 |a 532.543  |v 3 
702 1 |a Smits  |b A. J.  |4 340 
702 1 |a Lim  |b T. T.  |4 340 
801 1 |a RU  |b 63413507  |c 20130326 
801 2 |a RU  |b 63413507  |c 20130405  |g RCR 
942 |c BK